Statistiques concernant Les plus grandes villes de Chine

Cliquez ici pour prendre le quiz!

Statistiques générales

  • Ce quiz a été pris 839 fois
    (700 depuis la dernière actualisation)
  • Le résultat moyen est 10 sur 18

Statistiques - réponses

PopulationVilles% Correct
20 318 910Pékin
99%
26 808 537Shanghai
98%
13 189 556Canton
82%
7 536 275Hong Kong
77%
8 331 671Wuhan
74%
12 280 242Shenzhen
73%
7 907 072Xi'an
64%
13 524 025Tianjin
61%
15 697 611Chongqing
56%
9 080 788Chengdu
49%
8 745 666Nankin
44%
6 340 878Harbin
35%
7 573 322Hangzhou
33%
5 579 264Qingdao
29%
7 169 165Shenyang
26%
5,564,471Dalian
24%
5,307,818Jinan
20%
7 397 900Dongguan
15%

Distribution des résultats

Percentile par nombre de réponses

% des personnes avec chaque résultat

Votre développement - résultats

Vous n’avez pas pris ce quiz depuis la dernière actualisation